| 000 | 01278nam a2200313uu 4500 | ||
|---|---|---|---|
| 001 | 200429708 | ||
| 999 |
_c200429708 _d47632 |
||
| 003 | TR-AnTOB | ||
| 005 | 20260129085305.0 | ||
| 008 | 180503s2016 tu tur | ||
| 020 | _a9786058291003 | ||
| 040 |
_aTR-AnTOB _beng _cTR-AnTOB _erda |
||
| 041 | 0 | _atur | |
| 050 | 0 | 0 |
_aGR280 _b.A53 2016 |
| 090 | 0 |
_aGR280 _b.A53 2016 |
|
| 245 | 1 |
_aAnadolu sohbet gelenekleri ve yaren : _bbildiriler / _cyayına hazırlayanlar İbrahim Akyol, Abdulselam Arvas, Kadir Çayır, M. Emin Soydaş. |
|
| 246 | 0 | 0 | _aAnadolu sohbet gelenekleri ve yaren sempozyumu (02-04 Nisan 2016 : Çankırı, Türkiye) |
| 264 |
_aÇankırı: _bÇankırı Karatekin Üniversitesi Yayınları, _c2016 |
||
| 300 |
_a377 pages : _billustrations, maps ; _c24 cm. |
||
| 336 |
_2 rdacontent _atext _btxt |
||
| 337 |
_2rdamedia _aunmediated _bn |
||
| 338 |
_2rdacarrier _avolume _bnc |
||
| 490 | 0 |
_aÇankırı Karatekin Üniversitesi Yayınları ; _v10. _aYAMER (Yaran Kültürü Uygulama ve Araştırma Merkezi) Yayınları ; _v1. |
|
| 500 | _aIncludes bibliographical references. | ||
| 650 | 0 |
_aFolk literature, Turkish _xHistory and criticism _925239 |
|
| 650 | 0 |
_aHalk edebiyatı, Türk _xTarih ve eleştiri _912263 |
|
| 902 | _a138840 | ||
| 942 |
_2lcc _cBK |
||